Argentiniens Fußballer des Jahres - Statistiken

Allgemein
  • Dieses Quiz wurde 643 mal gespielt
  • Das Durchschnittsergebnis liegt bei 15 aus 27
Antwortstatistiken
Jahr Spieler Verein/e Nation % Korrekt
2005 Lionel Messi FC Barcelona Argentinien
100%
2007 Lionel Messi FC Barcelona Argentinien
100%
2009 Lionel Messi FC Barcelona Argentinien
100%
2010 Lionel Messi FC Barcelona Argentinien
100%
2011 Lionel Messi FC Barcelona Argentinien
100%
2012 Lionel Messi FC Barcelona Argentinien
100%
2015 Lionel Messi FC Barcelona Argentinien
100%
2016 Lionel Messi FC Barcelona Argentinien
100%
2017 Lionel Messi FC Barcelona Argentinien
100%
2019 Lionel Messi FC Barcelona Argentinien
100%
2020 Lionel Messi FC Barcelona Argentinien
100%
2021 Lionel Messi FC Barcelona/Paris Saint-Germain Argentinien
100%
2014 Ángel Di María Real Madrid/Manchester United Argentinien
69%
2003 Carlos Tévez CA Boca Juniors Argentinien
42%
2004 Carlos Tévez CA Boca Juniors Argentinien
42%
2000 Juan Román Riquelme CA Boca Juniors Argentinien
25%
2001 Juan Román Riquelme CA Boca Juniors Argentinien
25%
2008 Juan Román Riquelme CA Boca Juniors Argentinien
25%
2006 Juan Sebastián Verón Inter Mailand/Estudiantes de La Plata Argentinien
22%
1998 Gabriel Batistuta AC Florenz Argentinien
21%
2002 Gabriel Milito CA Independiente Argentinien
14%
2018 Gonzalo Martínez CA River Plate Argentinien
13%
2013 Maxi Rodriguez CA Newell's Old Boys Argentinien
4%
1999 Javier Saviola CA River Plate Argentinien
3%
1995 Enzo Francescoli CA River Plate Uruguay
2%
1996 José Luis Chilavert CA Vélez Sarsfield Paraguay
2%
1997 Marcelo Salas CA River Plate Chile
2%
Keine übereinstimmenden Quizze gefunden
Verteilung der Resultate
Anzahl Personen mit jedem Resultat
Perzentil nach korrekt beantworteten Fragen
Ihre Resultats-Entwicklung
Sie haben dieses Quiz noch nicht gespielt